000 00502nam a2200193Ia 4500
003 GCL
008 140319s9999 xx 000 0 eng d
040 _aGCL /
_cGCL
082 0 4 _a779.49405
_bG H
100 1 _aGUYOT, CHARLY
245 1 0 _aHELVETIE /
_cGUYOT, CHARLY
700 1 _aFREY, THECO
260 _a[S.N] :
_bEDITIONS IDES ET CALENDES ،
_c1954
650 0 4 _aARTS
650 0 4 _aPHOTOGRAPHY
650 0 4 _aPHOTOGRAPHS - EXHIBITIONS
650 0 4 _aPHOTOGRAPHS - SWIZERLAND
942 _2ddc
_cBK
999 _c15396
_d15396